000 00779nas a2200289 4500
001 BR9600125
003 BR-BrBNA
005 20231205095647.0
007 ta
008 230509b bl.|||p| |||| 00| 00por d
040 _aBR-BrBNA
_bpor
_cBiblioteca Nacional de Agricultura
041 _a(Pt)
072 _aL73
100 1 _aAndrade, A.L. de
100 1 _aNovais, A.A.
100 1 _aLaus, J.L.
100 1 _aAlessi, A.C.
100 1 _aValeri, F.V.
100 1 _aCarvalho, M.B.
245 1 _aManifestacao ocular de linfoma maligno em cao
650 _aCao
650 _aOlho
650 _aLinfoma
773 0 _tARS Veterinaria (Brazil)
_xISSN 0102-6380
_g(Jun 1994), v. 10(1) p. 1-5
_wBR9600125
909 _a202311
_bLúcia
_c55
_dLúcia Elande
942 _2AGRIS
_n0
_cANA
999 _c151979
_d151979